| 000 | 00573nam a22001817a 4500 | ||
|---|---|---|---|
| 999 |
_c172368 _d172368 |
||
| 005 | 20200204141926.0 | ||
| 010 | _aENG-127627 | ||
| 020 |
_a9789380200576 _c299.00 |
||
| 035 | _aEN-111159 | ||
| 037 | _bDBAD/PUB | ||
| 082 | _a332.06 | ||
| 100 | _aPandya,Arnav | ||
| 245 |
_aMake your Money work Harder by Monitoring Your Investments / _bby Arnav Panday |
||
| 260 |
_aMumbai _bBestsellers18 _c2012 |
||
| 270 |
_bMumbai _aB-23,Royal Industrial Estate,5-B, Naigun Cross Road,Wadala _e400013 |
||
| 300 |
_a154p. _b22cm(pbk) |
||
| 942 |
_2ddc _cEN _h332.6 _mPAN |
||